000 00682cab a2200217 ab4500
005 20260416141102.0
008 991125c2011 sp tr p 000 spa d
003
035 _aUPN01000183026
040 _aMX-MxUPN
_bspa
_cMX-MxUPN
_eaacr
100 1 _aGil, Francisco
245 1 _aNuevas formas de liderazgo en equipos de trabajo
530 _a Disponible tambien en formato electronico
653 0 _aEquipos de trabajo
650 0 4 _aLiderazgo
_95345
773 _gVol. 32, no. 1 (2011), p. 38-47
_tPapeles del psicólogo
_x0214-7823
856 4 _uhttps://www.papelesdelpsicologo.es/pdf/1917.pdf
902 _aLorena Izquierdo 160426
942 _cAI
905 _aArticulo
999 _c155129
_d155129